000 00508nam a2200181 a 4500
001 1772447158634
003 YourLibrary
005 20260302160218.0
008 260302s1999##################000#0#eng##
020 _a9780198296461
082 0 4 _a327.17405
_bSIP
100 1 _aInstitute, Stockholm International Peace Research,
_eauthor.
245 1 0 _aSIPRI Yearbook 1999 :
260 _bSIPRI Yearbook,
_c1999.
650 0 _aPolitical Science.
942 _cENGLISH
040 _aYourLibrary
_beng
_cYourLibrary
999 _c616550
_d616550